Hinaus in die Natur! : Barbizon, die Weimarer Malerschule und der Aufbruch zum Impressionismus ; [Neues Museum Weimar, 14. März bis 30. Mai 2010 ; Katalog]
Saved in:
| Document Type: | Conference Proceeding Book |
|---|---|
| Language: | German |
| Published: |
[Bielefeld]
: Kerber
, 2010
|
| Series: | Kerber Art
|
| Subjects: | |
| Online Access: | Inhaltsverzeichnis |
| Related Items: | Rezension:
[Rezension von: Hinaus in die Natur! Barbizon, die Weimarer Malerschule und der Aufbruch zum Impressionismus] Rezensiert in: [Rezension] |
| Author Notes: | Klassik-Stiftung Weimar. Hrsg. von Gerda Wendermann. Mit einem Vorw. von Wolfgang Holler und mit Beitr. von Carolin Dudkowiak ... |
| LEADER | 05213cam a2200889 c 4500 | ||
|---|---|---|---|
| 001 | 617328382 | ||
| 003 | DE-627 | ||
| 005 | 20260616211108.0 | ||
| 007 | tu | ||
| 008 | 100127s2010 gw ||||| c 00| ||ger c | ||
| 010 | |a 2010416907 | ||
| 016 | 7 | |a 999358138 |2 DE-101 | |
| 020 | |a 9783866783812 |9 978-3-86678-381-2 | ||
| 024 | 3 | |a 9783866783812 | |
| 035 | |a (DE-627)617328382 | ||
| 035 | |a (DE-576)316219711 | ||
| 035 | |a (DE-599)BSZ316219711 | ||
| 035 | |a (OCoLC)845664648 | ||
| 035 | |a (OCoLC)614566334 | ||
| 040 | |a DE-627 |b ger |c DE-627 |e rakwb | ||
| 041 | |a ger | ||
| 044 | |c XA-DE-NW | ||
| 050 | 0 | |a ND586.W4 | |
| 082 | 0 | |a 750 |q OCLC | |
| 082 | 0 | |a 759.32241074432241 | |
| 082 | 0 | 4 | |a 750 |
| 084 | |a 9,10 |2 ssgn | ||
| 084 | |a LK 75580 |2 rvk |0 (DE-625)rvk/98182: | ||
| 084 | |a LK 83394 |2 rvk |0 (DE-625)rvk/98494:12030 | ||
| 084 | |a LH 49510 |q BVB |2 rvk |0 (DE-625)rvk/93748: | ||
| 084 | |a LH 70460 |2 rvk |0 (DE-625)rvk/94829: | ||
| 084 | |a 20.31 |2 bkl | ||
| 084 | |a 21.02 |2 bkl | ||
| 084 | |a 20.70 |2 bkl | ||
| 084 | |a 20.00 |2 bkl | ||
| 245 | 0 | 0 | |a Hinaus in die Natur! |b Barbizon, die Weimarer Malerschule und der Aufbruch zum Impressionismus ; [Neues Museum Weimar, 14. März bis 30. Mai 2010 ; Katalog] |c Klassik-Stiftung Weimar. Hrsg. von Gerda Wendermann. Mit einem Vorw. von Wolfgang Holler und mit Beitr. von Carolin Dudkowiak ... |
| 264 | 1 | |a [Bielefeld] |b Kerber |c 2010 | |
| 300 | |a 359 S. |b zahlr. Ill. | ||
| 336 | |a Text |b txt |2 rdacontent | ||
| 337 | |a ohne Hilfsmittel zu benutzen |b n |2 rdamedia | ||
| 338 | |a Band |b nc |2 rdacarrier | ||
| 361 | 1 | |5 DE-32 |y 1305834186 |s 230259 - B |o Vorbesitz |a Herzogin-Anna-Amalia-Bibliothek. Fotothek |0 (DE-588)4717827-9 |0 (DE-627)353500992 |0 (DE-576)215708695 |f Stempel | |
| 490 | 0 | |a Kerber Art | |
| 500 | |a Literaturverz. S. 351 - 354 | ||
| 583 | 1 | |a Archivierung/Langzeitarchivierung gewährleistet |f SSG |x XA-DE-BW |2 pdager |5 DE-16 | |
| 583 | 1 | |a Archivierung prüfen |c 20240324 |f DE-4165 |z 3 |2 pdager | |
| 610 | 1 | 0 | |a Weimarer Kunstschule (Germany) |v Exhibitions |
| 650 | 0 | |a Impressionism (Art) |z Germany |z Weimar (Thuringia) |v Exhibitions | |
| 650 | 0 | |a Landscape painting, German |z Germany |z Weimar (Thuringia) |y 19th century |v Exhibitions | |
| 650 | 0 | |a Landscape painting, European |y 19th century |v Exhibitions | |
| 650 | 0 | |a Barbizon school |v Exhibitions | |
| 650 | 0 | |a Impressionism (Art) |z Europe |v Exhibitions | |
| 655 | 7 | |a Ausstellungskatalog |x Neue Museum Weimar |y 14.03.2010-30.05.2010 |z Weimar |0 (DE-588)4135467-9 |0 (DE-627)10566491X |0 (DE-576)209660988 |2 gnd-content | |
| 689 | 0 | 0 | |d s |0 (DE-588)4202683-0 |0 (DE-627)105156663 |0 (DE-576)210150297 |a Weimarer Malerschule |2 gnd |
| 689 | 0 | |5 DE-101 | |
| 700 | 1 | |a Wendermann, Gerda |d 1956- |0 (DE-588)112071147 |0 (DE-627)556360907 |0 (DE-576)167187503 |4 oth | |
| 700 | 1 | |a Dudkowiak, Carolin |4 oth | |
| 700 | 1 | |a Holler, Wolfgang |d 1956- |0 (DE-588)120336421 |0 (DE-627)080611745 |0 (DE-576)161469728 |4 oth | |
| 710 | 2 | |a Neues Museum Weimar |0 (DE-588)5317171-8 |0 (DE-627)265501601 |0 (DE-576)197541011 |4 oth | |
| 710 | 2 | |a Klassik Stiftung Weimar |0 (DE-588)6045529-9 |0 (DE-627)499797620 |0 (DE-576)200551078 |4 oth | |
| 711 | 2 | |a Ausstellung Hinaus in die Natur! Barbizon, die Weimarer Malerschule und der Aufbruch zum Impressionismus |d 2010 |c Weimar |0 (DE-588)6530318-0 |0 (DE-627)622833391 |0 (DE-576)321165535 |4 oth | |
| 787 | 0 | 8 | |i Rezension |a Häder, Ulf, 1966 - |t [Rezension von: Hinaus in die Natur! Barbizon, die Weimarer Malerschule und der Aufbruch zum Impressionismus] |d 2011 |w (DE-627)153946928X |w (DE-576)469469285 |
| 787 | 0 | 8 | |i Rezensiert in |t [Rezension] |d 2011 |w (DE-627)1752554523 |
| 856 | 4 | 2 | |u http://www.gbv.de/dms/weimar/toc/617328382_toc.pdf |m V:DE-601 |m B:DE-Wim2 |q pdf/application |x Verlag |y Inhaltsverzeichnis |3 Inhaltsverzeichnis |7 1 |
| 935 | |i Blocktest | ||
| 936 | r | v | |a LK 75580 |b Weimar |k Kunstgeschichte |k Kunst nach Ländern bzw. Kontinenten |k Deutschland |k Kunsttopografie Deutschlands |k Orte Deutschlands |k Orte W |k Weimar |0 (DE-627)1270650793 |0 (DE-625)rvk/98182: |0 (DE-576)200650793 |
| 936 | r | v | |a LK 83394 |b Impressionismus |k Kunstgeschichte |k Kunst nach Ländern bzw. Kontinenten |k Deutschland |k Deutsche Kunstgeschichte nach Gattungen |k Malerei |k Einzelne Epochen |k Neuzeit |k 19. und 20. Jahrhundert |k 19. Jahrhundert |k Impressionismus |0 (DE-627)1271570211 |0 (DE-625)rvk/98494:12030 |0 (DE-576)201570211 |
| 936 | r | v | |a LH 49510 |b Weimar |k Kunstgeschichte |k Allgemeines. Allgemeine Kunstgeschichte |k Ausstellungswesen, Ausstellungskataloge |k Ausstellungskataloge |k Orte W |k Weimar |0 (DE-627)1271563444 |0 (DE-625)rvk/93748: |0 (DE-576)201563444 |
| 936 | r | v | |a LH 70460 |b Landschaft, "Pastorale" |k Kunstgeschichte |k Allgemeines. Allgemeine Kunstgeschichte |k Kunstgeschichte einzelner Gattungen der Kunst |k Malerei |k Gegenstände (Darstellungen nichtikonographischen Charakters) |k Landschaft, "Pastorale" |0 (DE-627)1270641735 |0 (DE-625)rvk/94829: |0 (DE-576)200641735 |
| 936 | b | k | |a 20.31 |j Bildende Künstler |0 (DE-627)181571080 |
| 936 | b | k | |a 21.02 |j Geschichte der Malerei |0 (DE-627)106406698 |
| 936 | b | k | |a 20.70 |j Europäische Kunst: Allgemeines |0 (DE-627)106406566 |
| 936 | b | k | |a 20.00 |j Kunstwissenschaften: Allgemeines |0 (DE-627)106406493 |
| 951 | |a BO | ||
| 990 | |a Weimarer Malerschule | ||
| 991 | |a Rezensiertes Werk | ||
| 999 | |a KXP-PPN617328382 |e 4158519535 | ||


